00896nam a2200217Ia 4500003000900000008004100009020001800050040001600068080002200084111009900106245023600205260005800441300001500499490003400514650002200548650001700570650002500587700002200612700002100634700002300655IN-BaIIA211028s9999 xx 000 0 eng d a1-58381-080-3 cIIA Library a082.2:52bASP-242 aInternational Conference ETA Carinae and Other Mysterious StarscHven, Swedend2000 Aug. 24-26 0aETA carinae and other mysterious starsbthe hidden opportunities of emission line spectroscopy; proceedings of an International conference held in Hven, Sweden, August 24-26, 2000cedited by T. R. Gull, S. Johansson and K. Davidson aCaliforniabAstronomical Society of the Pacificc2001 axvi, 463p. aASP conference series; v. 242 aRadiative process aSpectroscopy aUltraviolet spectrum aDavidson, K., ed. aGull, T. R., ed. aJohansson, S., ed.